| 000 | 00000nam##2200000za#4500 |
| 001 | 9.623714 |
| 003 | CaOODSP |
| 005 | 20220107134005 |
| 007 | ta |
| 008 | 150406|1995||||xxc||||| f|0| 0 fre|d |
| 020 | |a0-662-80403-1 |
| 040 | |aCaOODSP|bfre |
| 043 | |an-cn--- |
| 086 | 1 |aH72-22/5-1995F |
| 110 | 2 |aCentre national d'information sur la violence dans la famille (Canada) |
| 245 | 13|aLa violence dans les fréquentations |
| 260 | |aOttawa - Ontario : |bSanté Canada. |c1995. |
| 300 | |a9p. : |bréférences, tableaux ; |c28 cm. |
| 490 | 1 |aRenseignements du Centre national d'information sur la violence dans la famille |
| 500 | |aSommaire: Qu'est-ce que la violence dans les fréquentations?--L'ampleur du problème.--Les mythes sur la violence dans les fréquentations.--Les signes avant-coureurs.--Que pouvez-vous faire?--Où obtenir de l'aide?--Suggestions de lectures.--Bibliographie. |
| 563 | |aCouverture souple |
| 590 | |a96-04|b1996-01-26 |
| 691 | 07|aViolence faite aux femmes|2gcpds |
| 776 | 0#|tLa violence dans les fréquentations / |w(CaOODSP)9.603026 |
| 830 | #0|aRenseignements du Centre national d'information sur la violence dans la famille.|w(CaOODSP)9.513100 |